Normal view
MARC view
- Supervisor: Dr. Asad W. Malik
Entry Personal Name
001 - CONTROL NUMBER
- control field: 96754
003 - CONTROL NUMBER IDENTIFIER
- control field: NUST
005 - DATE AND TIME OF LATEST TRANSACTION
- control field: 20220810160346.0
008 - FIXED-LENGTH DATA ELEMENTS
- fixed length control field: 220810|| aca||aabn | a|a d
040 ## - CATALOGING SOURCE
- Original cataloging agency: NUST
- Transcribing agency: NUST
100 ## - HEADING--PERSONAL NAME
- Personal name: Supervisor: Dr. Asad W. Malik
670 ## - SOURCE DATA FOUND
- Source citation: Work cat.: (NUST): Iftikhar, Areeba 96752, Dependency-Aware Task Offloading in Vehicular Edge Computing /
